00564 2200169 4500245004600000020002200046250001100068100001400079650002000093005001900113260004200132041001400174084000800188300002300196500016600219336000900385 aThe Joker (Jomblo Keren)cEsi LahurhText a978-979-22-6904-8 aCet. 1 aEsi Lahur aNovel Indonesia a20231004140129 aJakartabGramedia Pustaka Utamac2011 aIndonesia a813 a152 hlm. :c20 cm. aAndrea dan teman -treman mau banget jadi pasangan satya , tapi ternyata satya hanya suka pada seorang cewek . siapa ya? lalu victo juga pedekate pada siapa sih ? atext